Topics for today / (Record no. 10329)
[ view plain ]
| 000 -LEADER | |
|---|---|
| fixed length control field | 01462cam a22004095a 4500 |
| 001 - CONTROL NUMBER | |
| control field | 13299039 |
| 003 - CONTROL NUMBER IDENTIFIER | |
| control field | EG-ScBUE |
| 005 - DATE AND TIME OF LATEST TRANSACTION | |
| control field | 20191218101320.0 |
| 008 - FIXED-LENGTH DATA ELEMENTS--GENERAL INFORMATION | |
| fixed length control field | 030801t2004 maua f 001 0 eng d |
| 020 ## - INTERNATIONAL STANDARD BOOK NUMBER | |
| International Standard Book Number | 1413000797 |
| 020 ## - INTERNATIONAL STANDARD BOOK NUMBER | |
| International Standard Book Number | 9781413000795 |
| 020 ## - INTERNATIONAL STANDARD BOOK NUMBER | |
| International Standard Book Number | 1413008119 |
| 020 ## - INTERNATIONAL STANDARD BOOK NUMBER | |
| International Standard Book Number | 1413000762 |
| 035 ## - SYSTEM CONTROL NUMBER | |
| System control number | (DLC) 2003110885 |
| 040 ## - CATALOGING SOURCE | |
| Original cataloging agency | DLC |
| Language of cataloging | eng |
| Description conventions | rda |
| Transcribing agency | DLC |
| Modifying agency | DLC |
| -- | EG-ScBUE |
| 082 04 - DEWEY DECIMAL CLASSIFICATION NUMBER | |
| Classification number | 428.64 |
| Item number | SMI |
| Edition number | 22 |
| 100 1# - MAIN ENTRY--PERSONAL NAME | |
| Personal name | Smith, Lorraine C, |
| Relator term | author. |
| 9 (RLIN) | 3409 |
| 245 10 - TITLE STATEMENT | |
| Title | Topics for today / |
| Statement of responsibility, etc | Lorraine C. Smith, Adelphi University, Nancy Nici Mare, English Language Instutute, Queens College, The City University of New York. |
| 250 ## - EDITION STATEMENT | |
| Edition statement | Third edition. |
| 250 ## - EDITION STATEMENT | |
| Edition statement | International student edition. |
| 264 #1 - PUBLICATION, DISTRIBUTION, ETC. (IMPRINT) | |
| Place of publication, distribution, etc | Boston, Massachusetts : |
| Name of publisher, distributor, etc | Thomson/Heinle, |
| Date of publication, distribution, etc | [2004] |
| 264 #4 - PUBLICATION, DISTRIBUTION, ETC. (IMPRINT) | |
| Date of publication, distribution, etc | c 2004 |
| 300 ## - PHYSICAL DESCRIPTION | |
| Extent | xix, 298 pages : |
| Other physical details | illustrations ; |
| Dimensions | 26 cm. |
| 336 ## - CONTENT TYPE | |
| Source | rdacontent |
| Content type term | text |
| Content type code | txt |
| 337 ## - MEDIA TYPE | |
| Source | rdamedia |
| Media type term | unmediated |
| Media type code | n |
| 338 ## - CARRIER TYPE | |
| Source | rdacarrier |
| Carrier type term | volume |
| Carrier type code | nc |
| 490 0# - SERIES STATEMENT | |
| Series statement | Reading for today series ; |
| Volume number/sequential designation | book 5 |
| 500 ## - GENERAL NOTE | |
| General note | Includes indexes. |
| 590 ## - LOCAL NOTE (RLIN) | |
| Local note | eman |
| 650 #7 - SUBJECT ADDED ENTRY--TOPICAL TERM | |
| Topical term or geographic name as entry element | English language |
| Form subdivision | Textbooks for foreign speakers. |
| Source of heading or term | BUEsh |
| 9 (RLIN) | 3411 |
| 650 #7 - SUBJECT ADDED ENTRY--TOPICAL TERM | |
| Topical term or geographic name as entry element | Current events |
| Form subdivision | Problems, exercises, etc. |
| Source of heading or term | BUEsh |
| 9 (RLIN) | 3412 |
| 653 ## - INDEX TERM--UNCONTROLLED | |
| Resource For college | Humanities: English |
| Arrived date list | December2019 |
| 655 ## - INDEX TERM--GENRE/FORM | |
| Form subdivision | Reading book |
| 700 1# - ADDED ENTRY--PERSONAL NAME | |
| Personal name | Mare, Nancy Nici, |
| Dates associated with a name | 1957- |
| Relator term | author. |
| 9 (RLIN) | 3414 |
| 942 ## - ADDED ENTRY ELEMENTS (KOHA) | |
| Source of classification or shelving scheme | Dewey Decimal Classification |
| Koha item type | Book - Borrowing |
| Withdrawn status | Lost status | Source of classification or shelving scheme | Damaged status | Not for loan | Collection code | Home library | Current library | Shelving location | Date acquired | Source of acquisition | Cost, normal purchase price | Serial Enumeration / chronology | Total Checkouts | Full call number | Barcode | Date last seen | Date checked out | Price effective from | Koha item type |
|---|---|---|---|---|---|---|---|---|---|---|---|---|---|---|---|---|---|---|---|
| Dewey Decimal Classification | ILB | Central Library | Central Library | Second Floor | 08/04/2009 | 75.00 | 43868 | 5 | 428.64 SMI | 000015872 | 15/07/2025 | 16/11/2016 | 08/04/2009 | Book - Borrowing |